|
|
|
|
| LEADER |
01240nam a2200301 a 4500 |
| 001 |
1125691 |
| 008 |
120620s1995 nyua b 001 0 eng c |
| 010 |
|
|
|a 94031615
|
| 020 |
|
|
|a 0195095405 (alk. paper)
|
| 040 |
|
|
|a DNLM/DLC
|c DLC
|d DLC
|d BD-DhAAL
|
| 043 |
|
|
|a d------
|
| 050 |
0 |
0 |
|a RA790.7.D44
|b W67 1995
|
| 082 |
0 |
0 |
|a 362.2/09172/4
|2 20
|
| 245 |
0 |
0 |
|a World mental health :
|b problems, and priorities in low-income countries /
|c Robert Desjarlais ... [et al.] ; with contributions from Alastair Ager ... [et al.].
|
| 260 |
|
|
|a New York :
|b Oxford University Press,
|c 1995.
|
| 300 |
|
|
|a x, 382 p. :
|b ill. ;
|c 25 cm.
|
| 504 |
|
|
|a Includes bibliographical references (p. 362-366) and index.
|
| 541 |
|
|
|e 00025451
|
| 650 |
0 |
0 |
|a Mental health
|z Developing countries.
|
| 650 |
0 |
0 |
|a Mental illness
|z Developing countries.
|
| 650 |
0 |
0 |
|a Mental health services
|x Developing countries.
|
| 650 |
1 |
2 |
|a Mental Health.
|
| 650 |
2 |
2 |
|a Developing Countries.
|
| 650 |
2 |
2 |
|a Social Problems.
|
| 700 |
1 |
|
|a Desjarlais, Robert R.
|
| 852 |
1 |
|
|a Ayesha Abed Library
|c General shelf.
|
| 999 |
|
|
|c 12410
|d 12410
|
| 952 |
|
|
|0 0
|1 0
|2 ddc
|4 0
|6 362_209172400000000_WOR
|7 0
|9 20540
|a JPGSPH
|b JPGSPH
|c GEN
|d 2012-06-20
|l 0
|o 362.2091724 WOR
|p 3060025451
|r 2012-06-20
|t 1
|w 2012-06-20
|y BK
|